Pharmacology I (Exam Success companion) (Record no. 13264)

MARC details
000 -LEADER
fixed length control field 00395nam a22001577a 4500
003 - CONTROL NUMBER IDENTIFIER
control field OSt
008 - FIXED-LENGTH DATA ELEMENTS--GENERAL INFORMATION
fixed length control field 250410b |||||||| |||| 00| 0 eng d
020 ## - INTERNATIONAL STANDARD BOOK NUMBER
International Standard Book Number 9788119613311
082 ## - DEWEY DECIMAL CLASSIFICATION NUMBER
Classification number 615.1 GAP
100 ## - MAIN ENTRY--PERSONAL NAME
Personal name Gahlot, Vinod
245 ## - TITLE STATEMENT
Title Pharmacology I (Exam Success companion)
260 ## - PUBLICATION, DISTRIBUTION, ETC. (IMPRINT)
Place of publication, distribution, etc N.Delhi
Name of publisher, distributor, etc I.P Inovative Pub.
Date of publication, distribution, etc 2024
300 ## - PHYSICAL DESCRIPTION
Extent xi,202
650 ## - SUBJECT ADDED ENTRY--TOPICAL TERM
Topical term or geographic name as entry element Pharmacology-I
942 ## - ADDED ENTRY ELEMENTS (KOHA)
Source of classification or shelving scheme Dewey Decimal Classification
Koha item type Text Books
Holdings
Withdrawn status Lost status Source of classification or shelving scheme Damaged status Not for loan Collection code Home library Current library Date acquired Source of acquisition Currency Cost, normal purchase price Bill Number Total Checkouts Full call number Acc. no. / Barcode Date last seen Actual Cost, discounted price Bill Date Koha item type Date last borrowed
    Dewey Decimal Classification     B.Pharma PIET C-LIBRARY PIET C-LIBRARY 04/04/2025 Zafaa Books Distributres Rs 375.00 ZBDO006   615.1 GAP BP2695 10/04/2025 281.25 04/04/2025 Reference Books  
    Dewey Decimal Classification     B.Pharma PIET C-LIBRARY PIET C-LIBRARY 04/04/2025 Zafaa Books Distributres Rs 375.00 ZBDO006 1 615.1 GAP BP2696 15/12/2025 281.25 04/04/2025 Text Books 01/12/2025
    Dewey Decimal Classification     B.Pharma PIET C-LIBRARY PIET C-LIBRARY 04/04/2025 Zafaa Books Distributres Rs 375.00 ZBDO006 2 615.1 GAP BP2697 21/01/2026 281.25 04/04/2025 Text Books 12/01/2026

Design & Developed by: PIET Central Library
R70 Miles Stone Pattikalyana Samalkha Panipat 132102
mail ID :- [email protected], Phone No:- 0180-2569700 Ex.216